[Event "Russian Cup Final KO"]
[Site "Magnitogorsk RUS"]
[Date "2011.11.14"]
[Round "1.4"]
[White "Kokarev, Dmitry"]
[Black "Kovalenko, Igor"]
[Result "0-1"]
[WhiteTitle "GM"]
[BlackTitle "GM"]
[WhiteElo "2619"]
[BlackElo "2584"]
[WhiteFideId "4132181"]
[BlackFideId "14117908"]
[EventDate "2011.11.13"]

1. c4 f5 2. g3 Nf6 3. Bg2 g6 4. Nc3 Bg7 5. d3 O-O 6. e4 d6 7. Nge2 e5 8. O-O c6
9. exf5 gxf5 10. d4 Na6 11. b3 Re8 12. dxe5 dxe5 13. Qxd8 Rxd8 14. Be3 Ng4 15.
Bg5 Re8 16. Rad1 h6 17. Bc1 Be6 18. h3 Nf6 19. Be3 Bf7 20. Rd2 Bh5 21. f4 exf4
22. Bxf4 Nc5 23. Nd4 Bg6 24. Bd6 Nce4 25. Nxe4 Nxe4 26. Bxe4 fxe4 27. Nf5 Bxf5
28. Rxf5 Rad8 29. c5 b6 30. Re2 bxc5 31. Bf4 Rd5 32. g4 Bd4+ 33. Kg2 Kg7 34. h4
Rxf5 35. gxf5 Kf6 36. Bxh6 Kxf5 37. Re1 Kg4 38. Bg5 e3 39. Re2 a6 40. Bh6 Re7
41. Bg5 Rf7 42. Rc2 Rf3 43. Be7 Rg3+ 44. Kf1 Kf3 0-1

[Event "Russian Cup Final KO"]
[Site "Magnitogorsk RUS"]
[Date "2011.11.14"]
[Round "1.5"]
[White "Kovalenko, Igor"]
[Black "Kokarev, Dmitry"]
[Result "1-0"]
[WhiteTitle "GM"]
[BlackTitle "GM"]
[WhiteElo "2584"]
[BlackElo "2619"]
[WhiteFideId "14117908"]
[BlackFideId "4132181"]
[EventDate "2011.11.13"]

1. d4 Nf6 2. c4 g6 3. Nc3 Bg7 4. e4 d6 5. Be2 O-O 6. Nf3 e5 7. O-O exd4 8. Nxd4
Re8 9. f3 c6 10. Kh1 Nbd7 11. Nc2 Nb6 12. Bg5 Be6 13. Ne3 h6 14. Bh4 g5 15. Bf2
d5 16. cxd5 cxd5 17. e5 Nfd7 18. Nexd5 Nxd5 19. Nxd5 Nxe5 20. Nc3 Qa5 21. Qc2
Rac8 22. Rfd1 Nc4 23. Bxc4 Rxc4 24. Rac1 Rec8 25. Be1 b5 26. a3 Qb6 27. Qd2 a5
28. Bf2 Qb7 29. Ne4 Rxc1 30. Rxc1 Rxc1+ 31. Qxc1 Qd5 32. Be1 b4 33. axb4 axb4
34. Bxb4 Bxb2 35. Qe1 Be5 36. Bc3 Bxc3 37. Nxc3 Qd4 38. Ne4 Kg7 39. h4 Bf5 40.
hxg5 Bxe4 41. gxh6+ Kxh6 42. fxe4 Kg5 43. Qg3+ Kf6 44. Qf4+ Ke6 45. Qf5+ Ke7 46.
Kh2 Qe3 47. g3 Qd2+ 48. Kh3 Qh6+ 49. Kg4 Qh1 50. Qe5+ Kd7 51. Kg5 Qg2 52. Kf6
Qa2 53. Qd5+ Qxd5 54. exd5 Kd6 55. Kxf7 Kxd5 56. Kf6 Ke4 57. g4 Kf4 58. g5 Ke4
59. g6 Kd4 60. g7 Ke4 61. g8=Q Kd4 62. Qb3 Ke4 63. Qc4+ 1-0

[Event "Russian Cup Final KO"]
[Site "Magnitogorsk RUS"]
[Date "2011.11.15"]
[Round "2.1"]
[White "Zvjaginsev, Vadim"]
[Black "Bocharov, Dmitry"]
[Result "1-0"]
[WhiteTitle "GM"]
[BlackTitle "GM"]
[WhiteElo "2680"]
[BlackElo "2609"]
[WhiteFideId "4113403"]
[BlackFideId "4138716"]
[EventDate "2011.11.13"]

1. e4 c5 2. Nf3 Nc6 3. Bb5 g6 4. O-O Bg7 5. Bxc6 dxc6 6. d3 Nf6 7. h3 Nd7 8. a4
a5 9. Nbd2 O-O 10. Qe1 e5 11. Nc4 b6 12. b3 Ba6 13. Nfd2 Qc7 14. Bb2 Rae8 15. f4
Bxc4 16. Nxc4 exf4 17. Bxg7 Kxg7 18. Qh4 f5 19. Qxf4 Ne5 20. exf5 Rxf5 21. Qg3
Ref8 22. Rxf5 Rxf5 23. Kh1 b5 24. Nxe5 Qxe5 25. Qxe5+ Rxe5 26. axb5 cxb5 27.
Rxa5 b4 28. Kg1 Kf6 29. Kf2 Ke6 30. Ra7 h5 31. Ra6+ Kf7 32. g4 hxg4 33. hxg4 g5
34. Kf3 Ke7 35. Rh6 Kf7 36. Rb6 Ke7 37. Rh6 Kf7 38. Rc6 Ke7 39. Rc8 Kf7 40. Rd8
Ke6 41. d4 cxd4 42. Rxd4 Rb5 43. Ke4 Rb6 44. Rd5 Kf6 45. Kd4 Re6 46. Rf5+ Kg6
47. Re5 Rf6 48. Re4 Rc6 49. Kd3 Rb6 50. Kc4 Rc6+ 51. Kxb4 Rxc2 52. Kb5 Rf2 53.
b4 Rf4 54. Rc4 Kf6 55. Kc5 Ke6 56. Rxf4 1-0

[Event "Russian Cup Final KO"]
[Site "Magnitogorsk RUS"]
[Date "2011.11.15"]
[Round "2.1"]
[White "Kovalenko, Igor"]
[Black "Maletin, Pavel"]
[Result "1-0"]
[WhiteTitle "GM"]
[BlackTitle "GM"]
[WhiteElo "2584"]
[BlackElo "2568"]
[WhiteFideId "14117908"]
[BlackFideId "4146786"]
[EventDate "2011.11.13"]

1. d4 Nf6 2. c4 e6 3. Nf3 Bb4+ 4. Nbd2 O-O 5. a3 Be7 6. e4 d5 7. Bd3 c5 8. dxc5
dxe4 9. Nxe4 Nxe4 10. Bxe4 Qxd1+ 11. Kxd1 f5 12. Bc2 Bf6 13. Rb1 Rd8+ 14. Ke1 e5
15. Bg5 Bxg5 16. Nxg5 h6 17. Nf3 e4 18. Ne5 Re8 19. Ng6 Be6 20. Ba4 Bd7 21. Bd1
Be6 22. Ba4 Bd7 23. Bd1 Be6 24. Be2 Nd7 25. b4 Bf7 26. Nf4 Ne5 27. Nd5 Nd3+ 28.
Bxd3 exd3+ 29. Kd2 Re2+ 30. Kxd3 Rxf2 31. Rbe1 Rxg2 32. Re7 b5 33. Rd7 bxc4+ 34.
Kc3 Ra2 35. c6 Rxa3+ 36. Kxc4 Bxd5+ 37. Kxd5 Rd3+ 38. Kc4 Re3 39. c7 Ree8 40.
Rg1 g5 41. Rgd1 Rac8 42. Kc5 f4 43. Kc6 1-0

[Event "Russian Cup Final KO"]
[Site "Magnitogorsk RUS"]
[Date "2011.11.14"]
[Round "2.1"]
[White "Matlakov, Maxim"]
[Black "Andriasian, Zaven"]
[Result "1/2-1/2"]
[WhiteTitle "GM"]
[BlackTitle "GM"]
[WhiteElo "2632"]
[BlackElo "2619"]
[WhiteFideId "4168003"]
[BlackFideId "13302000"]
[EventDate "2011.11.13"]

1. d4 d5 2. c4 c6 3. Nf3 Nf6 4. Qb3 dxc4 5. Qxc4 Bf5 6. g3 e6 7. Bg2 Nbd7 8. e3
Be7 9. O-O O-O 10. Rd1 Ne4 11. Qe2 Qb6 12. Nfd2 Nxd2 13. Nxd2 c5 14. dxc5 Nxc5
15. e4 Bg6 16. Nc4 Qa6 17. Bf4 Rfd8 18. b3 Bf6 19. e5 Be7 20. Be3 Bd3 21. Qb2
Bxc4 22. bxc4 Qa4 23. Bf3 Rac8 24. Qb5 b6 25. Rxd8+ Rxd8 26. Bxc5 Qxb5 27. cxb5
Bxc5 28. Rd1 Rxd1+ 29. Bxd1 Bd4 30. h4 Kf8 31. h5 Bxe5 32. Bc2 g6 33. hxg6 hxg6
34. f4 Bd6 35. Kg2 Ba3 36. g4 Ke7 37. f5 exf5 38. gxf5 g5 39. Kf3 Kd6 40. Kg4 f6
41. Be4 Kc5 42. Bd3 Kd4 43. Bf1 Kc3 44. Be2 Kb2 45. Bc4 Bd6 46. Kf3 Kc3 47. Bf7
Kb4 48. Be8 Kc5 49. Kg4 Kb4 1/2-1/2

[Event "Russian Cup Final KO"]
[Site "Magnitogorsk RUS"]
[Date "2011.11.14"]
[Round "2.1"]
[White "Smirnov, Pavel"]
[Black "Khismatullin, Denis"]
[Result "0-1"]
[WhiteTitle "GM"]
[BlackTitle "GM"]
[WhiteElo "2597"]
[BlackElo "2660"]
[WhiteFideId "4123425"]
[BlackFideId "4142578"]
[EventDate "2011.11.13"]

1. d4 Nf6 2. c4 e6 3. Nc3 Bb4 4. Qc2 O-O 5. Nf3 d6 6. Bg5 Nbd7 7. e3 h6 8. Bh4
b6 9. g4 Bb7 10. Bg2 Qc8 11. g5 hxg5 12. Bxg5 Be4 13. Qe2 Bxc3+ 14. bxc3 Qa6 15.
Rg1 Qa3 16. Qd2 b5 17. cxb5 Rfb8 18. c4 a6 19. d5 e5 20. Nh4 axb5 21. f3 bxc4
22. fxe4 Rb2 23. Qc1 Nc5 0-1

[Event "Russian Cup Final KO"]
[Site "Magnitogorsk RUS"]
[Date "2011.11.16"]
[Round "2.2"]
[White "Andriasian, Zaven"]
[Black "Matlakov, Maxim"]
[Result "1/2-1/2"]
[WhiteTitle "GM"]
[BlackTitle "GM"]
[WhiteElo "2619"]
[BlackElo "2632"]
[WhiteFideId "13302000"]
[BlackFideId "4168003"]
[EventDate "2011.11.13"]

1. e4 e6 2. d4 d5 3. Nc3 Nf6 4. Bg5 dxe4 5. Nxe4 Nbd7 6. Nf3 h6 7. Nxf6+ Nxf6 8.
Be3 Nd5 9. Bd2 c5 10. Ne5 a6 11. c3 Bd6 12. Qa4+ Ke7 13. Qd1 Qc7 14. Qh5 Bxe5
15. dxe5 Rd8 16. h4 b5 17. Rh3 Bb7 18. Rg3 Rg8 19. Bd3 g5 20. O-O-O Nf4 21. Qxh6
Qxe5 22. hxg5 Nxd3+ 23. Rxd3 Bxg2 24. Be3 Ke8 25. Qh4 Rh8 26. Qg4 Be4 27. Bf4
Qf5 28. Qxf5 Bxf5 29. Rd6 c4 30. Be5 Rh3 31. Bf6 Bd3 32. Kd2 Kf8 33. f3 Kg8 34.
Rd7 Rf8 35. Ke3 Kh7 36. Ra7 Kg6 37. Rxa6 Rb8 38. b4 Rb7 39. Ra5 Rh2 40. Rd2 Rh3
41. Rg2 Rh4 42. a3 Rh3 43. Rg4 Rh2 44. Ra8 e5 45. Bxe5 Re7 46. Rg8+ Kf5 47. Kd4
Rd7+ 48. Kc5 Kxe5 49. Kxb5 Rc2 50. Re8+ Kf5 51. Kc6 Ra7 52. b5 Rxc3 53. b6 Ra6
54. Rf8 Kg6 55. Kb5 Rcxa3 56. b7 c3+ 57. Kc5 c2 58. Rg1 R6a5+ 59. Kd6 Ra6+ 60.
Ke5 1/2-1/2

[Event "Russian Cup Final KO"]
[Site "Magnitogorsk RUS"]
[Date "2011.11.16"]
[Round "2.2"]
[White "Khismatullin, Denis"]
[Black "Smirnov, Pavel"]
[Result "0-1"]
[WhiteTitle "GM"]
[BlackTitle "GM"]
[WhiteElo "2660"]
[BlackElo "2597"]
[WhiteFideId "4142578"]
[BlackFideId "4123425"]
[EventDate "2011.11.13"]

1. d4 g6 2. c4 Bg7 3. e4 d6 4. Nc3 Nf6 5. f3 O-O 6. Be3 b6 7. Bd3 a6 8. Nge2 c5
9. d5 Nbd7 10. Bc2 Ne5 11. b3 e6 12. dxe6 fxe6 13. O-O Qd7 14. a4 Bb7 15. Qe1 d5
16. cxd5 exd5 17. exd5 Nxd5 18. Nxd5 Bxd5 19. Nf4 Bc6 20. Rd1 Qf7 21. Qg3 c4 22.
b4 c3 23. Ne2 Rae8 24. Nd4 Nc4 25. Bf2 Bd5 26. Rd3 Nd2 27. Rd1 Rc8 28. b5 a5 29.
h3 Rfe8 30. Qg5 h6 31. Qg3 Be5 32. Qh4 h5 33. Nc6 Bxc6 34. bxc6 Rxc6 35. Re1
Rce6 36. Rde3 Bh2+ 37. Kxh2 Rxe3 38. Bxe3 Rxe3 39. Rxe3 Nf1+ 40. Kg1 Nxe3 41.
Qd8+ Kh7 42. Bd3 Nd5 43. Qg5 Nf4 44. Bc2 Kg7 45. Qd8 Qf6 46. Qd7+ Kh6 47. Qc8 h4
48. Qg4 Qg5 49. Kf2 Qc5+ 50. Kf1 Qc4+ 51. Kf2 Qe2+ 52. Kg1 g5 53. Bb3 c2 0-1

[Event "Russian Cup Final KO"]
[Site "Magnitogorsk RUS"]
[Date "2011.11.16"]
[Round "2.2"]
[White "Bocharov, Dmitry"]
[Black "Zvjaginsev, Vadim"]
[Result "1/2-1/2"]
[WhiteTitle "GM"]
[BlackTitle "GM"]
[WhiteElo "2609"]
[BlackElo "2680"]
[WhiteFideId "4138716"]
[BlackFideId "4113403"]
[EventDate "2011.11.13"]

1. d4 e6 2. c4 d5 3. Nc3 Be7 4. cxd5 exd5 5. Bf4 Nf6 6. e3 O-O 7. Bd3 c5 8. Nge2
Nc6 9. O-O Be6 10. dxc5 Bxc5 11. Rc1 Bd6 12. Bxd6 Qxd6 13. Nb5 Qe5 14. Ned4 Rac8
15. Qe2 Bg4 16. Qd2 Bd7 17. h3 a6 18. Nf3 Qe7 19. Nbd4 Ne4 20. Qe2 Rfe8 21. Nxc6
Bxc6 22. Nd4 Bd7 23. Rcd1 g6 24. Bc2 Qg5 25. Qf3 Rc5 26. Rfe1 Qh4 27. Qf4 Qxf4
28. exf4 Nd6 29. Rxe8+ Bxe8 30. Bd3 Bd7 31. f3 Kf8 32. Kf2 Ra5 33. Bb1 Nc4 34.
b3 Na3 35. Bd3 Bb5 36. Ne2 Bxd3 37. Rxd3 Nc2 38. a4 Rc5 39. Nd4 Ke7 40. g4 1/2-1/2

[Event "Russian Cup Final KO"]
[Site "Magnitogorsk RUS"]
[Date "2011.11.16"]
[Round "2.3"]
[White "Kovalenko, Igor"]
[Black "Maletin, Pavel"]
[Result "1/2-1/2"]
[WhiteTitle "GM"]
[BlackTitle "GM"]
[WhiteElo "2584"]
[BlackElo "2568"]
[WhiteFideId "14117908"]
[BlackFideId "4146786"]
[EventDate "2011.11.13"]

1. d4 Nf6 2. c4 e6 3. Nf3 b6 4. g3 Bb7 5. Bg2 Bb4+ 6. Nbd2 O-O 7. O-O d5 8. Qc2
Nbd7 9. Rd1 h6 10. a3 Be7 11. b4 c5 12. dxc5 bxc5 13. cxd5 exd5 14. bxc5 Bxc5
15. Bb2 Qb6 16. e3 Rfc8 17. Qb3 Qa5 18. Bc3 Qc7 19. Rdc1 Rab8 20. Bd4 Qa5 21.
Bc3 Qd8 22. Qa4 Ne4 23. Nxe4 dxe4 24. Nd4 Ne5 25. Ne6 Qd5 26. Bxe5 Qxe5 27. Nxc5
Rxc5 28. Qxa7 Rbc8 29. Rd1 Bd5 30. Bh3 R8c6 31. Qa4 Kh7 32. Qd4 Qe7 33. a4 Bb3
34. Rf1 Rd5 35. Qb2 Rd3 36. a5 Rc2 37. Qa3 Qf6 38. Qb4 Bc4 39. Bg2 Rb3 40. Bxe4+
g6 41. Qf8 Rxf2 42. Rxf2 Qxa1+ 43. Kg2 Rxe3 44. Rxf7+ Bxf7 45. Qxf7+ Qg7 46.
Bxg6+ Kh8 47. a6 Qxf7 48. Bxf7 Ra3 49. Bc4 Kg7 50. Be2 Kf6 51. h4 Ke5 52. Kf2
Ke4 53. Bf1 1/2-1/2

[Event "Russian Cup Final KO"]
[Site "Magnitogorsk RUS"]
[Date "2011.11.16"]
[Round "2.3"]
[White "Smirnov, Pavel"]
[Black "Khismatullin, Denis"]
[Result "1/2-1/2"]
[WhiteTitle "GM"]
[BlackTitle "GM"]
[WhiteElo "2597"]
[BlackElo "2660"]
[WhiteFideId "4123425"]
[BlackFideId "4142578"]
[EventDate "2011.11.13"]

1. d4 Nf6 2. c4 e6 3. Nc3 Bb4 4. Qc2 c5 5. dxc5 Qc7 6. Nf3 Bxc5 7. g3 a6 8. Bg2
Be7 9. b3 b6 10. O-O Bb7 11. Bf4 d6 12. Rfd1 O-O 13. Rac1 Rd8 14. Qd2 Ne4 15.
Nxe4 Bxe4 16. Qe3 Bb7 17. Bg5 Nc6 18. Bxe7 Nxe7 19. Nd4 Bxg2 20. Kxg2 Rac8 21.
Qf3 Ng6 22. e4 Qc5 23. Qe3 Ne5 24. Rc2 Ng4 25. Qe2 Nf6 26. Rcd2 g6 27. Nf3 e5
28. a4 Kg7 29. Ne1 b5 30. cxb5 axb5 31. axb5 Qb4 32. f3 Rc3 33. Rd3 Qxb5 34. Qb2
Rc6 35. Nc2 Ra8 36. Ne3 Rca6 37. Qf2 Ra3 38. h4 Rxb3 39. Rxb3 Qxb3 40. Rxd6 Ra1
41. Rd2 Rb1 42. Qe2 Qb6 43. Rd1 Rb2 44. Rd2 Rb1 45. Rd1 Rb3 46. Rd3 Qb5 47. Rd2
Qxe2+ 1/2-1/2

[Event "Russian Cup Final KO"]
[Site "Magnitogorsk RUS"]
[Date "2011.11.16"]
[Round "2.4"]
[White "Andriasian, Zaven"]
[Black "Matlakov, Maxim"]
[Result "1/2-1/2"]
[WhiteTitle "GM"]
[BlackTitle "GM"]
[WhiteElo "2619"]
[BlackElo "2632"]
[WhiteFideId "13302000"]
[BlackFideId "4168003"]
[EventDate "2011.11.13"]

1. e4 e6 2. d4 d5 3. Nc3 Nf6 4. Bg5 dxe4 5. Nxe4 Nbd7 6. Nf3 h6 7. Nxf6+ Nxf6 8.
Be3 Bd6 9. Bd3 b6 10. Ne5 O-O 11. Qf3 Nd5 12. Bd2 Bb7 13. Qe4 f5 14. Qe2 c5 15.
dxc5 1/2-1/2

[Event "Russian Cup Final KO"]
[Site "Magnitogorsk RUS"]
[Date "2011.11.16"]
[Round "2.4"]
[White "Khismatullin, Denis"]
[Black "Smirnov, Pavel"]
[Result "1/2-1/2"]
[WhiteTitle "GM"]
[BlackTitle "GM"]
[WhiteElo "2660"]
[BlackElo "2597"]
[WhiteFideId "4142578"]
[BlackFideId "4123425"]
[EventDate "2011.11.13"]

1. d4 Nf6 2. c4 e6 3. Nc3 Bb4 4. e3 O-O 5. Bd3 d5 6. Ne2 dxc4 7. Bxc4 c5 8. a3
Bxc3+ 9. bxc3 Qc7 10. Ba2 b6 11. O-O Ba6 12. Re1 Nc6 13. Ng3 Rad8 14. Bb2 e5 15.
d5 Na5 16. e4 Bc4 17. Bc1 Bxa2 18. Rxa2 Ne8 19. Rf1 Nd6 20. f4 exf4 21. Bxf4 f6
22. Nf5 Nac4 23. Nxd6 Nxd6 24. e5 fxe5 25. Bxe5 Rxf1+ 26. Qxf1 Qf7 27. Bxd6
Qxf1+ 28. Kxf1 Rxd6 29. Rd2 Kf7 30. Ke2 Ke7 31. c4 Rf6 32. Ke3 Kd6 33. a4 Rf1
34. Ra2 Rb1 35. Kd3 Rb4 36. Kc3 a6 37. Ra1 Kd7 38. Ra2 Kd6 1/2-1/2

[Event "Russian Cup Final KO"]
[Site "Magnitogorsk RUS"]
[Date "2011.11.16"]
[Round "2.5"]
[White "Khismatullin, Denis"]
[Black "Smirnov, Pavel"]
[Result "1-0"]
[WhiteTitle "GM"]
[BlackTitle "GM"]
[WhiteElo "2660"]
[BlackElo "2597"]
[WhiteFideId "4142578"]
[BlackFideId "4123425"]
[EventDate "2011.11.13"]

1. d4 Nf6 2. c4 e6 3. Nc3 Bb4 4. e3 O-O 5. Bd3 d5 6. Ne2 dxc4 7. Bxc4 c5 8. a3
Bxc3+ 9. bxc3 Qc7 10. Ba2 b6 11. O-O Ba6 12. Re1 Nc6 13. Ng3 Rfd8 14. Bb2 Rac8
15. Qf3 Bb7 16. Qe2 e5 17. dxe5 Nxe5 18. c4 Qc6 19. e4 Nd3 20. Red1 Nxb2 21.
Qxb2 Nxe4 22. Nf5 Qf6 23. Qxf6 Nxf6 24. Ne7+ Kf8 25. Nxc8 Rxc8 26. f3 Bc6 27.
Rd2 Ne8 28. Rad1 Ke7 29. Bb1 g6 30. Be4 Ba4 31. Re1 Kf8 32. Bb7 Rb8 33. Bd5 Nc7
34. Kf2 Rd8 35. Ree2 b5 36. Bxf7 Rxd2 37. Rxd2 b4 38. Bd5 Nxd5 39. Rxd5 bxa3 40.
Rd8+ Ke7 41. Ra8 Bb3 42. Rxa7+ Kd6 43. Rxa3 Bxc4 44. Ra7 h5 45. Ke3 Bf1 46. g3
Ke6 47. Kf4 Be2 48. h4 c4 49. Ra3 Bd1 50. Ke4 Be2 51. Kd4 Kf5 52. Ra5+ Kf6 53.
Ke3 Bd3 54. Rc5 Bf1 55. Kf4 Bd3 56. Rc6+ Ke7 57. Ke5 Kd7 58. Rc5 Ke7 59. g4 hxg4
60. fxg4 Be2 61. g5 Kd7 62. Ra5 Bf3 63. Ra6 c3 64. Ra3 c2 65. Rc3 Bd1 66. Kf6
Kd6 67. Kxg6 Kd5 68. h5 Kd4 69. Rc7 Be2 70. Rxc2 Bd3+ 71. Kf6 Bxc2 72. g6 Kd5
73. h6 Kd6 74. h7 1-0

[Event "Russian Cup Final KO"]
[Site "Magnitogorsk RUS"]
[Date "2011.11.16"]
[Round "2.5"]
[White "Andriasian, Zaven"]
[Black "Matlakov, Maxim"]
[Result "0-1"]
[WhiteTitle "GM"]
[BlackTitle "GM"]
[WhiteElo "2619"]
[BlackElo "2632"]
[WhiteFideId "13302000"]
[BlackFideId "4168003"]
[EventDate "2011.11.13"]

1. c4 Nf6 2. Nc3 e6 3. g3 d5 4. cxd5 exd5 5. d4 c6 6. Bg2 Bf5 7. Nf3 h6 8. O-O
Nbd7 9. Bf4 Be7 10. a3 O-O 11. b4 Ne4 12. Qb3 Nxc3 13. Qxc3 a6 14. Nd2 Nf6 15.
Rfc1 Re8 16. Re1 Bd6 17. Bxd6 Qxd6 18. e3 Ne4 19. Nxe4 Bxe4 20. Bxe4 Rxe4 21. a4
Rae8 22. b5 axb5 23. axb5 h5 24. bxc6 bxc6 25. Ra6 R4e6 26. h4 Rg6 27. Kg2 Re4
28. Rc1 Reg4 29. Qe1 Rxh4 30. Raxc6 Qd7 31. Rxg6 Qh3+ 32. Kf3 fxg6 33. Ke2 Qg4+
34. Kd2 Rh2 35. Qg1 Qh3 36. Kc3 Kh7 37. Qf1 Qc8+ 38. Kd2 Qf5 39. Ke2 Qg4+ 40.
Kd3 Qf5+ 41. Kc3 Rxf2 42. Qa6 Rf3 43. Qd3 Rxg3 0-1

[Event "Russian Cup Final KO"]
[Site "Magnitogorsk RUS"]
[Date "2011.11.18"]
[Round "3.2"]
[White "Zvjaginsev, Vadim"]
[Black "Kovalenko, Igor"]
[Result "1/2-1/2"]
[WhiteTitle "GM"]
[BlackTitle "GM"]
[WhiteElo "2680"]
[BlackElo "2584"]
[WhiteFideId "4113403"]
[BlackFideId "14117908"]
[EventDate "2011.11.13"]

1. e4 d5 2. exd5 Qxd5 3. Nf3 Bg4 4. Be2 Nc6 5. O-O Nf6 6. d4 O-O-O 7. Be3 e6 8.
h3 h5 9. Nbd2 Bd6 10. c3 Qf5 11. Nc4 Bf4 12. Qb1 Nd5 13. hxg4 hxg4 14. Qxf5 exf5
15. g3 gxf3 16. Bxf3 Nxe3 17. Nxe3 Bxe3 18. fxe3 Ne7 19. e4 fxe4 20. Bxe4 Rdf8
21. Rae1 c6 22. Re3 Rh6 23. Bg2 Kd8 24. Rfe1 Nf5 25. Re5 Nd6 26. b4 Re8 27.
Rxe8+ Nxe8 28. d5 cxd5 29. Bxd5 Nd6 30. c4 b6 31. c5 Nf5 32. Bxf7 bxc5 33. bxc5
Nxg3 34. Re5 Rf6 35. Be6 g6 36. c6 Nf5 37. Bd7 Ne7 38. Ra5 Nxc6 39. Bxc6 Rxc6
40. Rxa7 1/2-1/2

[Event "Russian Cup Final KO"]
[Site "Magnitogorsk RUS"]
[Date "2011.11.18"]
[Round "3.2"]
[White "Matlakov, Maxim"]
[Black "Khismatullin, Denis"]
[Result "1/2-1/2"]
[WhiteTitle "GM"]
[BlackTitle "GM"]
[WhiteElo "2632"]
[BlackElo "2660"]
[WhiteFideId "4168003"]
[BlackFideId "4142578"]
[EventDate "2011.11.13"]

1. c4 e5 2. g3 Nf6 3. Bg2 c6 4. Nf3 e4 5. Nd4 d5 6. cxd5 Qxd5 7. Nb3 Qh5 8. h3
Be7 9. Nc3 Qg6 10. d3 exd3 11. e4 O-O 12. Qxd3 Rd8 13. Qc2 Na6 14. a3 Be6 15.
Be3 Bxb3 16. Qxb3 Bc5 17. Bc1 Bd4 18. Qc2 Nc5 19. O-O Bxc3 20. Qxc3 Ncxe4 21.
Qb4 b6 22. Qc4 Rd6 23. b4 Re8 24. Ra2 Rde6 25. Rc2 h5 26. Qb3 Qf5 27. Rc4 c5 28.
Qc2 cxb4 29. axb4 a5 30. bxa5 Qxa5 31. Rc7 b5 32. Rb7 b4 33. Qb2 Nc5 34. Rxb4
Nd3 35. Rb5 Qa4 36. Qb1 Nxc1 37. Rxc1 Re1+ 38. Rxe1 Rxe1+ 39. Qxe1 Qxb5 40. Qc3
Qe2 41. Bf3 Qe7 42. Kg2 g6 43. Qd4 Kg7 44. Qf4 Qe6 45. Qg5 Nh7 46. Qf4 1/2-1/2

[Event "Russian Cup Final KO"]
[Site "Magnitogorsk RUS"]
[Date "2011.11.18"]
[Round "3.3"]
[White "Kovalenko, Igor"]
[Black "Zvjaginsev, Vadim"]
[Result "1/2-1/2"]
[WhiteTitle "GM"]
[BlackTitle "GM"]
[WhiteElo "2584"]
[BlackElo "2680"]
[WhiteFideId "14117908"]
[BlackFideId "4113403"]
[EventDate "2011.11.13"]

1. d4 Nf6 2. c4 c5 3. d5 b5 4. cxb5 a6 5. f3 g6 6. e4 d6 7. Na3 Bg7 8. Ne2 O-O
9. Nc3 e6 10. Bc4 axb5 11. Naxb5 exd5 12. Nxd5 Nxd5 13. Bxd5 Ra6 14. O-O Nc6 15.
Kh1 Nd4 16. Nxd4 Bxd4 17. Rb1 Qe7 18. b4 Be6 19. bxc5 dxc5 20. Rb7 Qd6 21. Qb3
Bxd5 22. exd5 Raa8 23. Bg5 Rfe8 24. a4 Qa6 25. Qb5 f6 26. Bf4 Qxa4 27. Qxa4 Rxa4
28. Bc7 Re7 29. d6 Rd7 30. Rb5 1/2-1/2

[Event "Russian Cup Final KO"]
[Site "Magnitogorsk RUS"]
[Date "2011.11.19"]
[Round "4.1"]
[White "Zvjaginsev, Vadim"]
[Black "Khismatullin, Denis"]
[Result "1/2-1/2"]
[WhiteTitle "GM"]
[BlackTitle "GM"]
[WhiteElo "2680"]
[BlackElo "2660"]
[WhiteFideId "4113403"]
[BlackFideId "4142578"]
[EventDate "2011.11.13"]

1. e4 e5 2. Nf3 Nc6 3. Bb5 Nf6 4. d3 Bc5 5. Bxc6 dxc6 6. Nbd2 O-O 7. Nc4 Nd7 8.
Be3 Bd6 9. O-O Re8 10. d4 exd4 11. Nxd6 cxd6 12. Qxd4 Ne5 13. Nxe5 dxe5 14. Qxd8
Rxd8 15. Rfd1 Be6 16. a4 Rxd1+ 17. Rxd1 b6 18. Rd6 c5 19. a5 Rb8 20. axb6 axb6
21. f3 Bc4 22. g4 h6 23. h4 f6 24. g5 hxg5 25. hxg5 Kf7 26. Rd7+ Kg6 27. Rd6 Kf7
28. Rd7+ Kg6 29. Rd6 1/2-1/2

[Event "Russian Cup Final KO"]
[Site "Magnitogorsk RUS"]
[Date "2011.11.20"]
[Round "4.2"]
[White "Khismatullin, Denis"]
[Black "Zvjaginsev, Vadim"]
[Result "0-1"]
[WhiteTitle "GM"]
[BlackTitle "GM"]
[WhiteElo "2660"]
[BlackElo "2680"]
[WhiteFideId "4142578"]
[BlackFideId "4113403"]
[EventDate "2011.11.13"]

1. d4 e6 2. c4 d5 3. Nc3 Be7 4. cxd5 exd5 5. Bf4 Nf6 6. e3 O-O 7. Nf3 c5 8. Be2
Nc6 9. dxc5 Bxc5 10. O-O Be6 11. Rc1 Rc8 12. Ne5 Bd6 13. Nxc6 bxc6 14. Qa4 c5
15. Bg3 Qb6 16. b3 Bxg3 17. hxg3 a5 18. Qb5 Qxb5 19. Bxb5 Rb8 20. Rfd1 Rfd8 21.
Be2 g6 22. f3 h5 23. Kf2 Rdc8 24. Rd2 Rb4 25. Ba6 Ra8 26. Bd3 Rc8 27. Rdc2 Kf8
28. Nb5 Nd7 29. Nd4 Kg7 30. Nxe6+ fxe6 31. a4 c4 32. bxc4 Ne5 33. Be2 Nxc4 34.
Ra1 Kf6 35. e4 Rb2 36. Rac1 Rcb8 37. exd5 exd5 38. Bxc4 dxc4 39. Ke3 Rxc2 40.
Rxc2 Rb4 41. Kd4 Rxa4 42. Rb2 Rb4 43. Ra2 Rb5 44. Kxc4 Rg5 45. g4 hxg4 46. f4
Rh5 47. g3 Rh3 48. Ra3 a4 49. Kd5 Rh5+ 50. Kc6 Ra5 51. Kb6 Rd5 52. Kc6 Ra5 53.
Kb6 Ra8 54. Kb7 Rd8 55. Kc6 Kf5 56. Re3 a3 57. Rxa3 Ke4 58. Kc5 Rd3 59. Ra6 Rxg3
60. Rxg6 Kxf4 61. Kd4 Ra3 62. Rf6+ Kg3 63. Ke4 Kg2 64. Rb6 Rf3 65. Rb2+ Rf2 66.
Rb1 g3 67. Ke3 Rf1 68. Rb7 Kg1 69. Ke2 g2 70. Rh7 Rf8 71. Rg7 Re8+ 72. Kd3 Rh8 0-1